Raymundo Sesma /

Đã lưu trong:
Chi tiết về thư mục
Tác giả khác: Sesma, Raimundo (autor) (autor), Calderón, Eligio (texto) (texto), Fauchereau, Serge (texto) (texto), Goldschmidt, Lucien (texto) (texto)
Định dạng: Sách
Ngôn ngữ:Tiếng Tây Ban Nha
Được phát hành: México : Monterrey, México : Universidad Autónoma Metropolitana ; Universidad Autónoma de Nuevo León, 1998, c1998
Loạt:(Este Lado)
Những chủ đề:
Các nhãn: Thêm thẻ
Không có thẻ, Là người đầu tiên thẻ bản ghi này!

MARC

LEADER 00000nam^a2200000^a^4500
001 000112858
005 20250521000000.0
009 20260310093923.472
020 |a 970-654-250-7 
037 |a Acervo ITESO - Biblioteca 
041 |a ESP 
082 |a 701. 06  |b SES CAL 
245 1 0 |a Raymundo Sesma /  |c R. Sesma ; texto de E. Calderón, S. Fauchereau, L. Goldschmidt. 
264 4 |a México :  |b Universidad Autónoma Metropolitana ;  |a Monterrey, México :  |b Universidad Autónoma de Nuevo León,  |c 1998, c1998 
300 |a 83 p. 
336 |a texto  |b txt  |2 rdacontenido 
337 |a sin mediación  |b n  |2 rdamedio 
338 |a volumen  |b nc  |2 rdasoporte 
440 1 |a (Este Lado) 
545 0 |a Raymundo Sesma (San Cristóbal de la Casas, 1954), estudió serigrafía y litografía en Toronto. Desde 1980 alterna su residencia entre Europa (Milán, particularmente) y México. Sesma es un artista polifacético, que lo mismo se vale de la pintura, que de la instalación, el video y otras formas del arte posmoderno. Sostiene una postura estética de defensa del papel crítico que el arte debe cumplir en la sociedad, pero no en términos de la banalización propagandística, sino de la generación de ideas a partir de los signos expresados en la obra. Existen trabajos suyos en el MOMA de Nueva York, el Victoria and Albert Museum de Londres, el Museo de Arte Moderno de Bogotá, el Museo de Arte Moderno de París, el Museo José Luis Cuevas de México, el Museo Regional de Puebla, entre otros. Forma parte del Sistema Nacional de Creadores desde 1999. 
649 |a XX 
650 |a Pintores Mexicanos 
650 |a Artistas Mexicanos 
650 |a Libros de Artista -  |z México 
650 |a Libros de Artista -  |x Exposiciones 
650 |a Pintura Mexicana -  |y Siglo XX 
650 |a Pintura Mexicana -  |x Historia y Crítica 
650 |a Pintura Mexicana -  |x Exposiciones 
650 |a Arte Mexicano -  |y Siglo XX 
650 |a Arte Mexicano -  |x Historia y Crítica 
650 |a Arte Mexicano -  |x Exposiciones 
650 |a Sesma, Raimundo 
700 |a Sesma, Raimundo  |e (autor) 
700 |a Calderón, Eligio  |e (texto) 
700 |a Fauchereau, Serge  |e (texto) 
700 |a Goldschmidt, Lucien  |e (texto) 
910 |a Fondo General 
920 |a Impresos - Libros 
930 |a Reserva Especial 
905 |a 103 
901 |a 0500046882  |b IT1  |c REE  |u 20250521 
902 |a https://opac.biblio.iteso.mx/vufind/Record/000112858